[Event "Barcelona La Lira op 39th"]
[Site "Barcelona"]
[Date "2023.01.27"]
[Round "2"]
[White "Garcia Riera, Josep"]
[Black "Ourille Suarez, Santos"]
[Result "1-0"]
[WhiteElo "1832"]
[BlackElo "1700"]
[PlyCount "87"]
[EventDate "2023.01.20"]
[EventType "swiss"]
[EventRounds "8"]
[EventCountry "ESP"]
[SourceTitle "CBM 213 Extra"]
[Source "ChessBase"]
[SourceDate "2023.05.31"]
[SourceVersion "1"]
[SourceVersionDate "2023.05.31"]
[SourceQuality "1"]

1. d4 d5 2. c4 Nf6 3. Nc3 e6 4. Nf3 Nc6 5. Bg5 Be7 6. e3 0-0 7. Rc1 Bb4 8. cxd5 exd5 9. Bd3 Qd6 10. 0-0 a6 11. Bf4 Qe7 12. Ne5 Nxe5 13. dxe5 Bxc3 14. Rxc3 Ne4 15. Bxe4 dxe4 16. Qc2 Bf5 17. Rxc7 Qe6 18. b3 Qg6 19. Bg3 Rac8 20. Rc1 h5 21. Qd2 Rcd8 22. Qb4 Qg4 23. f3 exf3 24. Qxg4 hxg4 25. gxf3 gxf3 26. Be1 Bh3 27. Kf2 Bg2 28. Rxb7 Rfe8 29. Rcc7 Rxe5 30. Rxf7 Rg5 31. Bc3 Rd1 32. Rxg7+ Rxg7 33. Rxg7+ Kf8 34. Rg6 Rf1+ 35. Kg3 Bh1 36. Rxa6 Rg1+ 37. Kf2 Rg2+ 38. Kf1 Rxh2 39. Rf6+ Ke7 40. Kg1 Rxa2 41. Kxh1 f2 42. Kg2 Rc2 43. Bd4 Rd2 44. Rxf2 1-0